000
00281nam a2200121Ia 4500
008
221030s9999 xx 000 0 und d
041
_a
English
100
_a
A. P. Mathur
245
0
_a
Introduction To Microprocessors
_c
by A. P. Mathur
260
_c
0
650
_a
B
942
_c
BK
999
_c
14102
_d
14102